LEADER 01832nam 2200385Ia 450 001 996394142203316 005 20200824121844.0 035 $a(CKB)4940000000115472 035 $a(EEBO)2240870564 035 $a(UnM)99898995e 035 $a(UnM)99898995 035 $a(EXLCZ)994940000000115472 100 $a19981028d1552 uh | 101 0 $aeng 135 $aurbn||||a|bb| 200 10$aAnno quinto et sexto Eduardi Sexti$b[electronic resource] $eActes made in the session of this present parlament, holden vpo[n] prorogacion at Westminster, the. xxiii. daie of Ianuarie, in the fiueth yere of the reigne of our moste drad souereigne Lorde, Edward the. VI. by the grace of God, kyng of Englande, Fraunce, and Irelande, defendour of the faith, and of the Churche of Englande and Irelande, in yearth [sic] the supreme hed: and there continued and kept to the. xv. daie of Aprill, in the vi. yere of the reigne of our saied souereigne lorde, as foloweth 210 $a[London] $cRichardus Graftonus typographus Regius excudebat$dmense Aprili. 1552 215 $axxxiij leaves 300 $aImprint from colophon. 300 $aThe last leaf is blank--STC. 300 $aIn this edition, the 'D' of signature D2 is under 'no' of 'dishonour'--STC. 300 $aSignatures: A-E? F?. 300 $aReproduction of original in the Cambridge University Library, Cambridge, England. 330 $aeebo-0021 606 $aLaw$zEngland$vEarly works to 1800 607 $aGreat Britain$xPolitics and government$y1547-1553$vEarly works to 1800 615 0$aLaw 701 $aEdward$cKing of England,$f1537-1553.$01002269 801 0$bCu-RivES 801 1$bCu-RivES 801 2$bWaOLN 906 $aBOOK 912 $a996394142203316 996 $aAnno quinto et sexto Eduardi Sexti$92421350 997 $aUNISA